La mujer indígena, plástica indígena y discursos.

Enregistré dans:
Détails bibliographiques
Collectivités auteurs: Instituto Indigenista Ecuatoriano, Congreso Indigenista Interamericano tomo 4
Format: Actes de congrès Livre
Langue:espagnol
Sujets:
Tags: Ajouter un tag
Pas de tags, Soyez le premier à ajouter un tag!

MARC

LEADER 00000cam^a2200000uu^4500
001 000487275
005 20250521000000.0
008 033009s1965^^^^^^^^^^^^rd^r^1000^0^spa^d
009 20260310125240.998
035 |a FCE 000030441 
035 |a FCE 034128 
037 |a Acervo ITESO - Biblioteca 
041 |a spa 
082 0 4 |a 323.354  |b INSc t.4 
110 |a Instituto Indigenista Ecuatoriano 
245 1 3 |a La mujer indígena, plástica indígena y discursos. 
264 |a Quito :  |b IIE,  |c 1965. 
300 |a 164 p. 
336 |a texto  |b txt  |2 rdacontenido 
337 |a sin mediación  |b n  |2 rdamedio 
338 |a volumen  |b nc  |2 rdasoporte 
611 4 |a Congreso 
649 |a XX 
650 |a Mujer 
650 |a Discurso 
650 |a Población indígena 
650 |a Artes industriales 
650 |a América Latina 
711 |a Congreso Indigenista Interamericano :  |c Quito, Ecuador)  |d mar. 1965 :  |e tomo 4  |n (5 : 
910 |a Fondo Centro de Estudios Educativos 
920 |a Impresos - Libros 
930 |a Fondos Especiales 
905 |a 133 
901 |a ALE034128  |b IT2  |c CEE  |u 20250521 
902 |a https://opac.biblio.iteso.mx/vufind/Record/000487275